000 00482cam a22001337a 4500
008 180718b2004 xxu||||| |||| 00| 0 eng d
082 _aAPPPA 2003-04 CHA/7
100 _aChatterjee, Sayan
245 _aCritical appraisal of electoral reforms proposals of election commission of India
_cby Sayan Chatterjee
260 _aNew Delhi
_bIndian Institute of Public Administration
_c2004
300 _a182p.
650 _aElection Commission of India
650 _aElectoral reforms - India
999 _c492943
_d492943